Ley de amnistía : (Record no. 197825)
[ view plain ]
| 000 -LEADER | |
|---|---|
| campo de control de longitud fija | 01178nam a2200301 i 4500 |
| 001 - NÚMERO DE CONTROL | |
| campo de control | 197825 |
| 003 - IDENTIFICADOR DE NÚMERO DE CONTROL | |
| campo de control | ES-MaACL |
| 005 - FECHA Y HORA DE LA ÚLTIMA TRANSACCIÓN | |
| campo de control | 20251020171403.0 |
| 007 - CAMPO FIJO DE DESCRIPCIÓN FÍSICA--INFORMACIÓN GENERAL | |
| campo de control de longitud fija | ta |
| 008 - DATOS DE LONGITUD FIJA--INFORMACIÓN GENERAL | |
| campo de control de longitud fija | 250918s2025 sp ||||| |||| 000 0 spa d |
| 020 ## - NÚMERO INTERNACIONAL ESTÁNDAR DEL LIBRO | |
| Número Internacional Estándar del Libro | 978-84-1194-531-8 |
| 040 ## - FUENTE DE CATALOGACIÓN | |
| Lengua de catalogación | spa |
| Centro/agencia transcriptor | ES-MaACL |
| 080 ## - NÚMERO DE LA CLASIFICACIÓN DECIMAL UNIVERSAL | |
| Número de la Clasificación Decimal Universal | 343.28(460) |
| 245 00 - MENCIÓN DEL TÍTULO | |
| Título | Ley de amnistía : |
| Resto del título | posibilidades de inaplicación y cuestionamiento judicional : guía práctica para el planteamiento de cuestiones de inconstitucionalidad y/o prejudiciales europeas sobre la ley de amnistía / |
| Mención de responsabilidad, etc. | Plataforma Cívica por la Independencia Judicial |
| 264 #1 - PRODUCCIÓN, PUBLICACIÓN, DISTRIBUCIÓN, FABRICACIÓN Y COPYRIGHT | |
| Producción, publicación, distribución, fabricación y copyright | A Coruña : |
| Nombre del de productor, editor, distribuidor, fabricante | Colex, |
| Fecha de producción, publicación, distribución, fabricación o copyright | [2024] |
| 264 #4 - PRODUCCIÓN, PUBLICACIÓN, DISTRIBUCIÓN, FABRICACIÓN Y COPYRIGHT | |
| Producción, publicación, distribución, fabricación y copyright | ©2024 |
| 300 ## - DESCRIPCIÓN FÍSICA | |
| Extensión | 191 páginas ; |
| Dimensiones | 24 cm |
| 336 ## - TIPO DE CONTENIDO | |
| Fuente | rdacontent |
| Término de tipo de contenido | Texto |
| 337 ## - TIPO DE MEDIO | |
| Fuente | rdamedia |
| Nombre/término del tipo de medio | sin mediación |
| 338 ## - TIPO DE SOPORTE | |
| Fuente | rdacarrier |
| Nombre/término del tipo de soporte | volumen |
| 650 #4 - PUNTO DE ACCESO ADICIONAL DE MATERIA--TÉRMINO DE MATERIA | |
| 9 (RLIN) | 242274 |
| Término de materia o nombre geográfico como elemento de entrada | Amnistía - |
| Subdivisión geográfica | España |
| 710 2# - ENTRADA AGREGADA--NOMBRE DE ENTIDAD CORPORATIVA | |
| 9 (RLIN) | 242273 |
| Nombre de entidad corporativa o nombre de jurisdicción como elemento de entrada | Plataforma Cívica por la Independencia Judicial |
| Término indicativo de función/relación | Editor |
| 852 ## - LOCALIZACIÓN | |
| Ubicación | ES-MaACL |
| Ubicación en estantería | Depósito J |
| Número de control de estantería | A-15783 |
| Encuadernación | Encuadernación rústica |
| itemnumber | 206803 |
| Donativo/Legado | Donación: Marcos Arbeloa |
| 942 ## - ELEMENTOS DE ENTRADA SECUNDARIOS (KOHA) | |
| Tipo de ítem Koha | Libro impreso |
| Suprimir en OPAC | No |
| Estatus retirado | Estado de pérdida | Fuente del sistema de clasificación o colocación | Estado de daño | No para préstamo | Biblioteca de origen | Biblioteca actual | Ubicación en estantería | Fecha de adquisición | Fuente de adquisición | Total de préstamos | Signatura topográfica completa | Visto por última vez | Precio de reemplazo | Tipo de ítem Koha |
|---|---|---|---|---|---|---|---|---|---|---|---|---|---|---|
| Clasificación decimal universal | Biblioteca del Ateneo de Madrid | Biblioteca del Ateneo de Madrid | Depósito 1 | 15/09/2025 | Donación | A-15783 | 18/09/2025 | 18/09/2025 | Libro impreso |
